22 least Travled countries - Statistics

General Stats
  • This quiz has been taken 29 times
  • The average score is 11 of 22
Answer Stats
Hint Answer % Correct
1 Nauru
85%
5 Kiribati
81%
4 Tuvalu
81%
12 Tonga
73%
18 Vanuatu
73%
8 Marshall Island
69%
6 South Sudan
58%
9 Libya
54%
14 St Vincent And Grenadines
54%
15 San Marino
50%
11 turkmenistan
50%
19 Burkina faso
46%
17 Dominica
46%
21 Grenada
46%
22 Mali
46%
10 Sao Tome And Principe
46%
16 Liechtenstein
42%
3 Somalia
42%
13 Timor Leste
42%
20 Moldova
35%
7 Equatorial Guniea
0%
2 Papua New Guniea
0%
No matching quizzes found
Score Distribution
Percent of People with Each Score
Percentile by Number Answered
Your Score History
You have not taken this quiz